| 000 | 00486nam a2200169 i 4500 | ||
|---|---|---|---|
| 001 | 87089 | ||
| 003 | ES-MaACL | ||
| 005 | 20230906175606.0 | ||
| 007 | t| | ||
| 008 | 041220s1973 cl ||||1| spa d | ||
| 100 | 1 |
_aKosinski, Jerzy. _968630 |
|
| 245 | 1 | 0 |
_aDesde el jardÃn / _cJerzy Kosinski ; [traducción, Nelly Cacici]. |
| 260 |
_aSantiago de Chile : _bPomaire, _c[1973] |
||
| 300 |
_a171 p. ; _c22 cm. |
||
| 700 | 1 |
_aCacici, Nelly. _933366 |
|
| 852 |
_aES-MaACL _jC-53437 _bR.86451 |
||
| 999 |
_c87089 _d87089 |
||